Major historical empires of European countries - Statistics

General Stats
  • This quiz has been taken 46 times
    31 since last reset
  • The average score is 13 of 20
Answer Stats
Hint Answer % Correct
U.K British Empire
93%
Turkey Ottoman Empire
93%
France Second French Colonial empire
89%
Spain Spanish Empire
89%
Belgium Belgian Colonial empire
85%
Netherlands Dutch Empire
85%
Russia Russian Empire
85%
Sweden Swedish Empire
85%
Portugal Portuguese Empire
81%
Italy Roman Empire
78%
Greece Macedonian Empire
74%
Germany Nazi Germany
67%
Armenia Kingdom of Armenia
59%
Poland Polish-Lithuanian Commonwealth
56%
Lithuania Polish-Lithuanian Commonwealth
56%
Iceland Iceland
33%
Denmark Kalmar Union
33%
Ireland Kingdom of Ireland
33%
Norway Kingdom of Norway
30%
Finland Finland (1941-1944)
4%
No matching quizzes found
Score Distribution
Percent of People with Each Score
Percentile by Number Answered
Your Score History
You have not taken this quiz since the last reset